| 000 | 00861cad a22001935a 4500 | ||
|---|---|---|---|
| 001 | L154105 | ||
| 008 | 111014s2011 xxk f 000 0 eng d | ||
| 035 | _a(Sirsi) u154105 | ||
| 041 | 0 | _aeng | |
| 110 | 2 |
_aHome Builders Federation _94896 |
|
| 245 | 0 | 0 |
_aGovernment risks 'house building ice age' unless it stands firm _h[electronic resource] |
| 260 |
_aLondon _bHBF _c2011 |
||
| 520 | _aHBF warned Government it must stand firm on its planning proposals or risk a 'house building ice age' unless the anti development lobby is ignored. | ||
| 590 | _aKA | ||
| 651 | 4 |
_aUnited Kingdom _y |
|
| 690 | _aPROPERTY-RESIDENTIAL PROPERTY-DOMESTIC RESIDENTIAL PROPERTY-HOUSING | ||
| 856 | 4 | 0 |
_uhttps://www.hbf.co.uk/index.php?id=2355&tx_ttnews%5btt_news%5d=16891&tx_ttnews%5bbackPid%5d=2716&cHash=f071db6f33 _zView the item free of charge at www.hbf.co.uk |
| 942 | _n0 | ||
| 999 |
_c112842 _d112842 |
||